Personaggi di fantasia - D - - Statistics

Statistiche generali
  • Questo quiz è stato fatto 3.801 volte
  • Il punteggio medio è 11 su 20
Statistiche sulle risposte
con Immagini Risposta % Corretto
Dumbo
98%
Donatello
93%
Dora Marquez
92%
Dory
92%
Dracula
92%
Draco Malfoy
89%
Dart Fener
86%
Deadpool
81%
Donkey Kong
76%
Dorothy Gale
62%
Django Freeman
48%
Daenerys Targaryen
44%
Daniel LaRusso
37%
Dexter Morgan
36%
Davy Jones
35%
Derek Zoolander
21%
Denver
16%
Dana Scully
15%
Data
8%
Dale Cooper
5%
Nessun quiz corrispondente trovato
Distribuzione punteggi
Percentuale di utenti per punteggio
Percentile per numero di risposta
I tuoi punteggi nel tempo
Non hai fatto questo quiz